Estàndards de disseny : edificis d'Habitatges en règim de Protecció Oficial : registre d'Entitats Promotores d'Habitatge Protegit : maig 2010 edificis d'Habitatges en règim de Protecció Oficial :
Publicado:
Barcelona :
Diputació de Barcelona. Àrea de d'Infraestructures, Urbanisme i Habitatge. Gerència de Serveis d'Habitatge, Urbanisme i Activitats. Oficina de Promoció i Gestió d'Habitatge ,
2010
Descripción Física:
15 p. : quadres ; 30 cm
MARC
| LEADER | 00000nam a2200000Ia 4500 | ||
|---|---|---|---|
| 001 | 23793 | ||
| 008 | 160829s2010 xx 000 0 cat d | ||
| 080 | |a FU-60-37 | ||
| 245 | |a Estàndards de disseny : |b edificis d'Habitatges en règim de Protecció Oficial : |b registre d'Entitats Promotores d'Habitatge Protegit : |b maig 2010 | ||
| 260 | |a Barcelona : |b Diputació de Barcelona. Àrea de d'Infraestructures, Urbanisme i Habitatge. Gerència de Serveis d'Habitatge, Urbanisme i Activitats. Oficina de Promoció i Gestió d'Habitatge, |c 2010 | ||
| 300 | |a 15 p. : |b quadres ; |c 30 cm | ||
| 610 | 1 | 0 | |a Barcelona (Catalunya : Província). |b Oficina de Promoció i Gestió d'Habitatge |9 55118 |
| 710 | 1 | |a Barcelona (Catalunya : Província). |b Oficina de Promoció i Gestió d'Habitatge |9 55118 | |
| 901 | |a Arxiu | ||
| 942 | |n 1 | ||
| 952 | |0 0 |1 0 |4 0 |6 FU6037 |7 1 |9 55592 |a Arxiu |b Arxiu |d 2016-12-01 |l 0 |o FU-60-37 |p 23793 |r 2016-12-01 00:00:00 |w 2016-12-01 |y ARXIU | ||
| 999 | |c 59465 |d 59465 | ||